000 00361 a2200169 4500
001 191774
020 _a978-85-8193-304-7
040 _cMagnum
100 _aOliveira, Dinah Sales de
240 1 0 _aPollyanna
_lpor
245 1 0 _aPollyanna
300 _a32
362 0 _a2016
440 1 _aFolha de São Paulo
697 _aLITERATURA INFANTO
942 _cBK
999 _c191774
_d191774